[Event "Decin Treybal op"]
[Site "Decin"]
[Date "2006.02.06"]
[Round "3"]
[White "Riedel, Miroslav"]
[Black "Bumba, Petr"]
[Result "1/2-1/2"]
[WhiteElo "1576"]
[BlackElo "1852"]
[PlyCount "85"]
[EventDate "2006.01.23"]
[EventType "swiss"]
[EventRounds "9"]
[EventCountry "CZE"]
[SourceTitle "EXT 2008"]
[Source "ChessBase"]
[SourceDate "2007.11.25"]
[SourceVersion "1"]
[SourceVersionDate "2007.11.25"]
[SourceQuality "1"]

1. e4 d5 2. exd5 Qxd5 3. Nc3 Qd6 4. d4 Nf6 5. Nf3 Bg4 6. Nb5 Qb6 7. Bf4 Nd5 8. Bg3 e6 9. Bc4 c6 10. Nd6+ Bxd6 11. Bxd6 Bxf3 12. gxf3 Qa5+ 13. c3 Qd8 14. Ba3 b5 15. Bxd5 cxd5 16. Qe2 a6 17. Qe5 Rg8 18. Rg1 g6 19. f4 Nc6 20. Qe3 Ne7 21. Kd2 Nf5 22. Qe2 Nd6 23. Bc5 Ne4+ 24. Kc2 Nxc5 25. dxc5 Qf6 26. Qe3 Qf5+ 27. Kb3 Rc8 28. Rg5 Qe4 29. Qxe4 dxe4 30. Re5 Ke7 31. Re1 Rc6 32. R5xe4 Rxc5 33. Rd4 Rgc8 34. a4 bxa4+ 35. Rxa4 Rb8+ 36. Kc2 a5 37. Rea1 Rcb5 38. R1a2 Rf5 39. Kd3 Rd8+ 40. Ke3 Rfd5 41. b4 axb4 42. cxb4 Rb5 43. f3 1/2-1/2